Asociación Nacional de Ingenieros Industriales / (Record no. 42521)

MARC details
000 -LEADER
campo de control de longitud fija 00820nam a2200193 i 4500
001 - NÚMERO DE CONTROL
campo de control 42521
003 - IDENTIFICADOR DE NÚMERO DE CONTROL
campo de control ES-MaACL
005 - FECHA Y HORA DE LA ÚLTIMA TRANSACCIÓN
campo de control 20251205142957.0
007 - CAMPO FIJO DE DESCRIPCIÓN FÍSICA--INFORMACIÓN GENERAL
campo de control de longitud fija t|
008 - DATOS DE LONGITUD FIJA--INFORMACIÓN GENERAL
campo de control de longitud fija 030404s1891 sp ||||1| spa d
110 2# - ENTRADA PRINCIPAL--NOMBRE DE ENTIDAD CORPORATIVA
Nombre de entidad corporativa o nombre de jurisdicción como elemento de entrada Asociación Nacional de Ingenieros Industriales (España)
9 (RLIN) 1761
245 10 - MENCIÓN DEL TÍTULO
Título Asociación Nacional de Ingenieros Industriales /
Mención de responsabilidad, etc. memoria leída ... por Pablo Cáceres de la Torre, barón de Yecla en la Junta general celebrada por la Asociación en día 31 de Enero de 1891.
260 ## - PUBLICACIÓN, DISTRIBUCIÓN, ETC.
Lugar de publicación, distribución, etc. Madrid :
Nombre del editor, distribuidor, etc. [s.n.],
Fecha de publicación, distribución, etc. 1891 (
Fabricante Imp. Colonial)
300 ## - DESCRIPCIÓN FÍSICA
Extensión 36 p. ;
Dimensiones 23 cm.
610 27 - PUNTO DE ACCESO ADICIONAL DE MATERIA--NOMBRE DE ENTIDAD CORPORATIVA
Nombre de entidad corporativa o nombre de jurisdicción como elemento de entrada Asociación Nacional de Ingenieros Industriales (España)-
Subdivisión de forma Memorias
Fuente del encabezamiento o término
9 (RLIN) 134135
700 0# - ENTRADA AGREGADA--NOMBRE PERSONAL
Nombre de persona Cáceres de la Torre, Pablo,
Títulos y otros términos asociados al nombre barón de Yecla
9 (RLIN) 33344
852 ## - LOCALIZACIÓN
Ubicación ES-MaACL
Número de control de estantería T-532-F-1
Holdings
Estatus retirado Estado de pérdida Estado de daño No para préstamo Colección Biblioteca de origen Biblioteca actual Ubicación en estantería Fecha de adquisición Fuente de adquisición Total de préstamos Signatura topográfica completa Código de barras Visto por última vez Precio de reemplazo Tipo de ítem Koha
        Colección de folletos Biblioteca del Ateneo de Madrid Biblioteca del Ateneo de Madrid Depósito folletos 17/01/2008     T-532-F-1 1044763 23/02/2023 23/02/2023 Folleto